|
|
|
|
| LEADER |
01382nam a2200385 4500 |
| 001 |
000006370 |
| 003 |
2525 |
| 005 |
20110909080917.0 |
| 008 |
110908s1995 viesd |
| 020 |
|
|
|c 8500
|
| 041 |
0 |
|
|a vie
|
| 082 |
|
|
|a 378
|b HOA
|
| 100 |
0 |
|
|a Hoàng Anh
|
| 245 |
|
0 |
|a Giao tiếp Sư phạm
|b Dùng cho các trường Đại học sư phạmvà Cao đẳng sư phạm
|c Hoàng Anh ; Vũ Kim Thanh
|
| 260 |
|
|
|a H.
|b Hà Nội
|c 1995
|
| 300 |
|
|
|a 102 tr
|c 21 cm
|
| 490 |
|
|
|a Bộ Giáo dục và Đào tạo chương trình giáo trình Đại học
|
| 500 |
|
|
|a Tài liệu biên soạn theo chương trình chi tiết, đã được Vụ Đại học thông qua
|
| 504 |
|
|
|a Thư mục tr : 102
|
| 653 |
|
|
|a Sư phạm
|
| 653 |
|
|
|a Giao tiếp
|
| 653 |
|
|
|a giáo trình
|
| 700 |
|
|
|a Hoàng Anh
|e Tác giả
|
| 700 |
|
|
|a Vũ Kim Thanh
|e Tác giả
|
| 910 |
|
|
|a Nguyễn Thị Kim Oanh
|d 07/09/2011
|
| OWN |
|
|
|a LSP
|
| AVA |
|
|
|a UDN50
|b LSP
|d 378 HOA
|e available
|t Error 5001 Not defined in file expand_doc_bib_avail.
|f 3
|g 0
|h N
|i 0
|k 1
|
| 999 |
|
|
|a From the UDN01
|
| AVA |
|
|
|a UDN50
|b LSP
|d 378 HOA
|e available
|t Error 5001 Not defined in file expand_doc_bib_avail.
|f 3
|g 0
|h N
|i 0
|k 1
|
| TYP |
|
|
|a Monograph
|
| TYP |
|
|
|a Printed language
|
| 980 |
|
|
|a Mạng thư viện Đại học Đà Nẵng
|